ECONOMICS OF DEVELOPMENT AND PLANNING TH (Record no. 12057)

MARC details
000 -LEADER
fixed length control field 00382nam a2200145Ia 4500
008 - FIXED-LENGTH DATA ELEMENTS--GENERAL INFORMATION
fixed length control field 240624s9999 xx 000 0 und d
041 ## - LANGUAGE CODE
Language code of text/sound track or separate title eng
082 ## - DEWEY DECIMAL CLASSIFICATION NUMBER
Classification number 330.9 MIS
100 ## - MAIN ENTRY--PERSONAL NAME
Personal name MISRA S K
245 ## - TITLE STATEMENT
Title ECONOMICS OF DEVELOPMENT AND PLANNING TH
250 ## - EDITION STATEMENT
Edition statement (12th ed.)
260 ## - PUBLICATION, DISTRIBUTION, ETC.
Date of publication, distribution, etc. 2006
Place of publication, distribution, etc. New Delhi
Name of publisher, distributor, etc. Himalaya Publishing House
300 ## - PHYSICAL DESCRIPTION
Extent 915 : p. : cm. ; 24
365 ## - TRADE PRICE
Currency code RS
Price amount 25
Holdings
Withdrawn status Lost status Damaged status Not for loan Home library Current library Shelving location Date acquired Source of acquisition Cost, normal purchase price Total Holds Full call number Barcode Date last seen Copy number Price effective from Koha item type
        IMTN IMTN Rack 8-A 12/17/2008 HPHPL 395.00 32767 330.9 MIS 12057 06/24/2024 1 06/24/2024 Books
Designed & Maintained by: LRC IMT Nagpur Contact: lrc@imtnag.ac.in© 2024. All Rights Reserved.